| Tag |
First Indicator |
Second Indicator |
Subfields |
| LEADER |
00000nam a2200000 i 4500 |
| 001 |
in00004788721 |
| 006 |
m o d |
| 007 |
cr cn||||||||| |
| 008 |
240214s2024 ncu ob 001 0 eng c |
| 005 |
20240429132506.1 |
| 010 |
|
|
|a 2023033080
|
| 035 |
|
|
|a (DLC)jstor22573/CATS12563826
|
| 040 |
|
|
|a NhCcYBP
|c NhCcYBP
|
| 050 |
|
4 |
|a PL2925.L54
|b C4413 2024
|
| 020 |
|
|
|a 9781478059387
|
| 020 |
|
|
|a 1478059389
|
| 020 |
|
|
|z 9781478030393
|q (paperback)
|
| 020 |
|
|
|z 1478030399
|q (paperback)
|
| 020 |
|
|
|z 9781478026167
|q (hardcover)
|
| 020 |
|
|
|z 1478026162
|q (hardcover)
|
| 037 |
|
|
|a 22573/cats12563826
|b JSTOR
|
| 041 |
1 |
|
|a eng
|h chi
|
| 042 |
|
|
|a pcc
|
| 043 |
|
|
|a a-cc---
|
| 072 |
|
7 |
|a LIT
|x 008010
|2 bisacsh
|
| 072 |
|
7 |
|a LIT
|x 024060
|2 bisacsh
|
| 072 |
|
7 |
|a POL
|x 039000
|2 bisacsh
|
| 082 |
0 |
4 |
|a 895.18/5209
|2 23/eng/20231221
|
| 100 |
1 |
|
|6 880-01
|a Yan, Lianke,
|d 1958-
|e author.
|
| 240 |
1 |
0 |
|6 880-02
|a Chen mo yu chuan xi.
|l English
|
| 245 |
1 |
0 |
|a Sound and silence :
|b my experience with China and literature /
|c Yan Lianke ; translated by Carlos Rojas.
|
| 264 |
|
1 |
|a Durham :
|b Duke University Press,
|c 2024.
|
| 300 |
|
|
|a 1 online resource.
|
| 336 |
|
|
|a text
|2 rdacontent
|b txt
|
| 337 |
|
|
|a computer
|2 rdamedia
|b c
|
| 338 |
|
|
|a online resource
|2 rdacarrier
|b cr
|
| 490 |
1 |
|
|a Sinotheory
|
| 588 |
|
|
|a Description based on print version record.
|
| 504 |
|
|
|a Includes bibliographical references and index.
|
| 505 |
0 |
|
|a Translator's introduction / Carlos Rojas -- Author's note -- He who has been selected by heaven and life to appreciate darkness -- National amnesia and literary memory -- The abjection of alt China and its literature -- The wild child that is American literature -- My thoughts on literary censorship and controversy -- My literary review book -- The distinctiveness of writing in China -- Fear and betrayal have accompanied me throughout my life -- Writing under a sky of concentrated power and relative laxity -- Living without dignity, but writing with honor -- My ideal Is simply to write a novel that I think is good -- A village's China and literature -- Afterword: Ripping open the dreamscape.
|
| 600 |
1 |
0 |
|6 880-03
|a Yan, Lianke,
|d 1958-
|x Authorship.
|
| 650 |
|
0 |
|a Chinese literature
|x History and criticism.
|
| 650 |
|
0 |
|a Criticism
|z China.
|
| 655 |
|
7 |
|a Electronic books.
|2 local
|
| 700 |
1 |
|
|a Rojas, Carlos,
|d 1970-
|e translator.
|
| 776 |
1 |
8 |
|i Print version:
|a Yan, Lianke, 1958-
|s Chen mo yu chuan xi. English.
|t Sound and silence.
|d Durham : Duke University Press, 2024
|z 9781478030393
|z 9781478026167
|w (DLC) 2023033079
|
| 830 |
|
0 |
|a Sinotheory.
|
| 856 |
4 |
0 |
|u http://proxy.library.tamu.edu/login?url=https://www.jstor.org/stable/10.2307/jj.12570396
|z Connect to the full text of this electronic book
|t 0
|
| 880 |
1 |
|
|6 100-01
|a 閻連科,
|d 1958-
|e author.
|
| 880 |
1 |
0 |
|6 240-02
|a 沉默與喘息.
|l English
|
| 880 |
1 |
4 |
|6 600-03
|a 閻連科,
|d 1958-
|x Authorship.
|
| 955 |
|
|
|a JSTOR DDA record
|
| 999 |
f |
f |
|s 691c8558-c90f-44aa-afb4-c0d17682ceeb
|i 67fd18b7-037f-47f2-99b0-0b82d6e2bf28
|t 0
|
| 952 |
f |
f |
|a Texas A&M University
|b College Station
|c Electronic Resources
|d Available Online
|t 0
|e PL2925.L54 C4413 2024
|h Library of Congress classification
|
| 998 |
f |
f |
|a PL2925.L54 C4413 2024
|t 0
|l Available Online
|